Дуэль и смерть Пушикина: исследования и материалы (Запис № 316908)
[ простий вигляд ]
| 000 -Лідер | |
|---|---|
| fixed length control field | 00812nam a22002537a 4500 |
| 001 - Контрольний номер | |
| control field | 30496 |
| 003 - Ідентифікатор контрольного номера | |
| control field | UA-OsUOA |
| 005 - Дата та час останнього входження (трансакції) | |
| control field | 20220603102534.0 |
| 007 - Фіксоване поле фізичного опису | |
| fixed length control field | ta |
| 008 - Елементи даних фіксованої довжини – загальна інформація | |
| fixed length control field | 20041110b un ||||| |||| 00| 0 ukr d |
| 040 ## - Джерело каталогізації | |
| Агенція оригінальної каталогізації | UA-OsUOA |
| Мова каталогізації | rus |
| Агенція, яка здійснювала перезапис | UA-OsUOA |
| Агенція, яка здійснювала модифікацію | UA-OsUOA |
| 041 ## - Код мови | |
| Код мови тексту/ звукової доріжки чи окремого заголовка (П) | rus |
| 044 ## - Код країни видавця/ виробника | |
| Код країни видавця/ виробника (П) | RU |
| 080 ## - Індекс Універсальної десяткової класифікації | |
| Індекс Універсальної десяткової класифікації (УДК) (НП) | 821:929(470+571) |
| 090 ## - Локальний шифр розміщення | |
| Класифікаційний індекс УДК | 821:929(470+571) |
| Авторський знак (НП) | Щ34 |
| 100 ## - Основне введення – ім’я особи | |
| Ім’я особи (НП) | Щеголев П. Е. |
| 245 ## - Відомості про назву | |
| Назва (НП) | Дуэль и смерть Пушикина: исследования и материалы |
| Дані про відповідальність (НП) | ред. Е. Ю. Гениева, Д. А. Гранин, А. М. Зверев |
| 260 ## - Публікація, розповсюдження і т.п. (Вихідні дані) | |
| Місце публікації, розповсюдження і т.п. (П) | Москва |
| Ім’я/ наймення видавництва, розповсюджувача і т.п. (П) | Книга |
| Дата публікації, розповсюдження і т.п. (П) | 1987 |
| 300 ## - Фізичний опис | |
| Обсяг | 576 с. |
| Інші фізичні характеристики (НП) | Ілюстрації |
| 650 #7 - Додаткове предметне введення – тематичний термін | |
| Джерело заголовка чи терміна | UDC |
| 942 ## - Додаткові елементи входу (Коха) | |
| Тип елемента Koha | Книги |
| Source of classification or shelving scheme | Universal Decimal Classification |
| 955 ## - Код типу видання за змістом | |
| Код типу видання за змістом (НП) | інше |
| Стан вилучень | Стан втрат | Джерело класифікації або схеми стелажів | Стан уражень | Не для кредиту | Постійне місце розташування | Поточне розміщення | Дата придбання | Вартість, звичайна ціна покупки | Інвентарний номер | Усього замовленно | Повний номер виклику | Штрих-код | Дата останнього перегляду | Ціна ефективна від | Тип елемента Koha |
|---|---|---|---|---|---|---|---|---|---|---|---|---|---|---|---|
| Universal Decimal Classification | АБ - Абонемент НБ | АБ - Абонемент НБ | 10/04/2013 | 10971 | 929 Щ34 | 10971 | 15/02/2022 | 07/12/2004 | Книги | ||||||
| Universal Decimal Classification | АБ - Абонемент НБ | АБ - Абонемент НБ | 07/12/2004 | 81359 | 929 Щ34 | 81359 | 18/05/2022 | 07/12/2004 | Книги | ||||||
| Universal Decimal Classification | ЧЗ - Читальна зала | ЧЗ - Читальна зала | 10/11/2004 | 1.00 | 91022 | 821:929(470+571) Щ34 | 91022 | 29/09/2021 | 10/11/2004 | Книги |